000 00392nam a22001577a 4500
005 20200529114638.0
008 200529b xxu||||| |||| 00| 0 eng d
041 _aeng
082 _a340
100 _aBARE ACT
_95744
245 _aTHW WHISTLEBLOWERS PROTECTION ACT ; 2011 (17-2014)
260 _aDELHI
_bPROFESSIONAL BOOK PUBLISHERS
300 _a20;p
650 _aLAW
_95701
942 _cBK
999 _c6610
_d6608